The 80/20 Principle (Record no. 35391)

MARC details
000 -LEADER
fixed length control field 00405nam a2200181Ia 4500
020 ## - INTERNATIONAL STANDARD BOOK NUMBER
ISBN 0-385-49174-3
050 ## - CALL MARK
Classification number HD69.T54K63
100 ## - STATEMENT OF RESPONSIBILITY--MAIN AUTHOR NAME
Personal name Richard Koch
245 #4 - TITLE STATEMENT
Title The 80/20 Principle
260 ## - PUBLICATION, DISTRIBUTION, ETC. (IMPRINT)
Place of publication New York
260 ## - PUBLICATION, DISTRIBUTION, ETC. (IMPRINT)
Name of publisher Doubleday
260 ## - PUBLICATION, DISTRIBUTION, ETC. (IMPRINT)
Year of publication 1998
300 ## - PHYSICAL DESCRIPTION
Number of Pages 277 p
650 ## - SUBJECT ADDED ENTRY--TOPICAL TERM
Topical Term Time Management
942 ## - ADDED ENTRY ELEMENTS (KOHA)
Koha item type Books
Holdings
Withdrawn status Lost status Source of classification or shelving scheme Damaged status Not for loan Permanent Location Current Location Date acquired Accession Number Price effective from Koha item type
    Library of Congress Classification     NILE UNIVERSITY OF NIGERIA - MAIN LIBRARY NILE UNIVERSITY OF NIGERIA - MAIN LIBRARY 04/23/2025 0003391 04/23/2025 Books